Normal view MARC view

Entry Personal Name

Number of records used in: 2

001 - CONTROL NUMBER

  • control field: 6059

003 - CONTROL NUMBER IDENTIFIER

  • control field: OSt

005 - DATE AND TIME OF LATEST TRANSACTION

  • control field: 20220106142746.0

008 - FIXED-LENGTH DATA ELEMENTS

  • fixed length control field: 220106|| aca||aabn | a|a d

040 ## - CATALOGING SOURCE

  • Original cataloging agency: OSt
  • Transcribing agency: OSt

100 ## - HEADING--PERSONAL NAME

  • Personal name: Sivanandam, S. N and Deepa, S. N

670 ## - SOURCE DATA FOUND

  • Source citation: Work cat.: (OSt): Sivanandam, S. N and Deepa, S. N , Control systems engineering using MATLAB

Powered by Koha